000 00947cam a22002055a 4500
001 L137742
008 070426s2007 xxk f 000 0 eng d
035 _a(Sirsi) u137742
041 0 _aeng
100 1 _aSilman, Geoffrey
245 0 0 _aService charges in commercial property
_binformation on the RICS Code of Practice
260 _c2007
490 0 _aJournal of Retail and Leisure Property
_v6(1) January 2007, 1-7(7)
520 _aDiscusses the ways in which lease contract and case law govern commercial service charges. Reports on the advantages the introduction of the RICS Code of practice will have on practices relating to service charges, due in particular to the likelihood of increased transparency.
590 _aKA
650 2 4 _aRICS CODE OF PRACTICE ON SERVICE CHARGES
651 4 _aEngland and Wales
_y1543-
690 _aPROPERTY-COMMERCIAL PROPERTY-COMMERCIAL LANDLORD AND TENANT-COMMERCIAL SERVICE CHARGES
942 _n0
999 _c106892
_d106892